LDR 00815naa#a2200181#i#450# 001 EN\\bibl\126813 005 20260701220342.3 011 ## _a1815-588X 100 ## _a20260630b2026####ek#y0engy0150####ca 102 ## _aRU 200 1# _aProblems of Emergency Situations When Parking Is Surfaced and Methods of Stabilization by Using an Anchor (Multi-Screw) Pile on the Example of One of the Facilities in St. Petersburg _eJournal article 210 1# _aSaint-Petersburg _cFSBEI HE "Emperor Alexander I St. Petersburg State Transport University" _d2026 215 ## _a12 с. 608 ## _aJournal article _2local 675 ## _aСвайные фундаменты. Свайные основания. Сваи в целом. 624.154 _z 700 #1 _aMakarov _gAleksey Nikolaevich 700 #1 _aKravchenko _gPavel Aleksandrovich 856 4# _aatjournal.ru _u